Counties and Territories of the Swedish Empire - Map Quiz - Statistics

General Stats
  • This quiz has been taken 40 times
  • The average score is 18 of 37
Answers on the Map
Answers color-coded by a green-red scale on the quiz's map according to % correct below.
 
Answer Stats
Answer % Correct
Estland (Estonia)
82%
Gotland
82%
Lappland (Lapland)
73%
Skåne (Scania)
73%
Bremen-Verden
64%
Svenska Pommern (Swedish Pomerania)
64%
Öland
59%
Österbotten
59%
Svenska Livland (Swedish Livonia)
59%
Trondheim
59%
Halland
55%
Ingermanland (Ingria)
55%
Åbo och Björneborgs län (Turku and Pori Province)
50%
Bornholm
50%
Västerbotten
50%
Västergötland
50%
Dalarna
45%
Jämtland
45%
Östergötland
45%
Uppland
45%
Wismar
45%
Blekinge
41%
Nyland och Tavastehus län (Uudenmaan and Hämeen Province)
41%
Södermanland
41%
Värmland
41%
Viborg och Savolax län (Vyborg and Savonlinnan Province)
41%
Bohuslän
36%
Dalsland
36%
Gästrikland
36%
Närke
36%
Småland
36%
Västmanland
36%
Ångermanland
32%
Hälsingland
27%
Härjedalen
27%
Medelpad
27%
Kexholm
14%
No matching quizzes found
Score Distribution
Percent of People with Each Score
Percentile by Number Answered
Your Score History
You have not taken this quiz